ARRUPE JESUIT UNIVERSITY

CORONAVIRUS -STOP THE SPREAD - CLEAN,DISINFECT,COVER

From Corps to Core (Record no. 28078)

MARC details
000 -LEADER
fixed length control field 00551nam a2200193Ia 4500
003 - CONTROL NUMBER IDENTIFIER
control field 0100
005 - DATE AND TIME OF LATEST TRANSACTION
control field 20170405121350.0
008 - FIXED-LENGTH DATA ELEMENTS--GENERAL INFORMATION
fixed length control field 130303s9999 xx 000 0 und d
040 ## - CATALOGING SOURCE
Transcribing agency ARRUPELIB
050 ## - LIBRARY OF CONGRESS CALL NUMBER
Classification number BX3756.M406S631977
300 ## - PHYSICAL DESCRIPTION
Other physical details 24cm.
100 ## - MAIN ENTRY--PERSONAL NAME
Personal name Smith, Jeffrey H
9 (RLIN) 29664
245 ## - TITLE STATEMENT
Title From Corps to Core
245 ## - TITLE STATEMENT
Remainder of title the life of John P. Markoe Soldier, Priest and Pioneer Activist
260 ## - PUBLICATION, DISTRIBUTION, ETC. (IMPRINT)
Place of publication, distribution, etc Florissant, Missouri
260 ## - PUBLICATION, DISTRIBUTION, ETC. (IMPRINT)
Name of publisher, distributor, etc ST. Stanislaus Historical Museum Inc
300 ## - PHYSICAL DESCRIPTION
Extent 120p.
440 ## - SERIES STATEMENT/ADDED ENTRY--TITLE
Title Midwest jesuit historical series, vol. 1
9 (RLIN) 29665
600 ## - SUBJECT ADDED ENTRY--PERSONAL NAME
Personal name Markoe, John P.
9 (RLIN) 29666
942 ## - ADDED ENTRY ELEMENTS (KOHA)
Source of classification or shelving scheme Library of Congress Classification
Koha item type Monograph ( Printed materials)
Holdings
Withdrawn status Lost status Source of classification or shelving scheme Damaged status Not for loan Collection code Home library Current library Shelving location Date acquired Total Checkouts Full call number Barcode Date last seen Copy number Price effective from Koha item type
    Library of Congress Classification     Main Collection ARRUPE LIBRARY ARRUPE LIBRARY Main Collection 04/03/2013   BX4705.M41 S79 46003036570 22/11/2017 1 04/03/2013 Monograph ( Printed materials)

 

Arrupe Library. PO Box MP320 Mt Pleasant, Harare, Zimbabwe
263 242 745411|librarian@aju.ac.zw